000 00448nam a2200193Ia 4500
003 0100
008 130307s9999 xx 000 0 und d
040 _cARRUPELIB
050 _aPT2403.A5G6 1959
100 _aGalotti, Emilia
245 _aLessing
260 _aNew York
260 _bBarron's Educational Series,Inc.
260 _c1959
300 _axiv
300 _b104p. 23cm.
440 _aBarron's educational series
942 0 0 _01
999 _c101314
_d101314